| 000 | 00352nam a2200145Ia 4500 | ||
|---|---|---|---|
| 008 | 150201s2010 xx 000 0 und d | ||
| 082 |
_a617.3 _bS10C |
||
| 100 | _aCHINNATHURAI , RC | ||
| 245 | _aSHORT TB. OF PROSTHETIC & ORTHTUS | ||
| 250 | _a1ST | ||
| 260 |
_bJAPEE _aDDELHI _c2010 |
||
| 300 | _a1-148 | ||
| 650 | _aORTHOPAEDICS | ||
| 942 |
_2ddc _cBK _06 |
||
| 999 |
_c1386 _d1386 |
||